Memoria elevada al gobierno de S. M. por D. Ramón Sánchez de Ocaña como delegado del Gobierno español en la Conferencia Internacional celebrada en la Haya para la unificación del derecho relativo a la letra de cambio y al pagaré a la orden. (Record no. 138085)

MARC details
000 -LEADER
campo de control de longitud fija 01008nam a2200181 4500
001 - NÚMERO DE CONTROL
campo de control 138085
003 - IDENTIFICADOR DE NÚMERO DE CONTROL
campo de control ES-MaACL
005 - FECHA Y HORA DE LA ÚLTIMA TRANSACCIÓN
campo de control 20230906195512.0
007 - CAMPO FIJO DE DESCRIPCIÓN FÍSICA--INFORMACIÓN GENERAL
campo de control de longitud fija t|
008 - DATOS DE LONGITUD FIJA--INFORMACIÓN GENERAL
campo de control de longitud fija 070214s1910 sp r ||||1| spa d
100 1# - ENTRADA PRINCIPAL--NOMBRE DE PERSONA
Nombre de persona Sánchez de Ocaña, Ramón.
9 (RLIN) 102594
245 10 - MENCIÓN DEL TÍTULO
Título Memoria elevada al gobierno de S. M. por D. Ramón Sánchez de Ocaña como delegado del Gobierno español en la Conferencia Internacional celebrada en la Haya para la unificación del derecho relativo a la letra de cambio y al pagaré a la orden.
260 ## - PUBLICACIÓN, DISTRIBUCIÓN, ETC.
Lugar de publicación, distribución, etc. Madrid :
Nombre del editor, distribuidor, etc. [s. n.],
Fecha de publicación, distribución, etc. 1910.
300 ## - DESCRIPCIÓN FÍSICA
Extensión 101 p. ;
Dimensiones 24 cm.
500 ## - NOTA GENERAL
Nota general Incluye: Anteproyecto de convención sobre la unificación del derecho relativo a la letra de cambio y al pagaré a la orden; y el Anteproyecto de una ley uniforme sobre la letra de cambio y el pagaré a la orden.
711 00 - ENTRADA AGREGADA--NOMBRE DE REUNIÓN
Nombre de congreso/reunión o jurisdicción como elemento de entrada Conferencia Internacional para la unificación del derecho relativo a la Letra de Cambio y al Pagaré a la Orden (
Sede del congreso/Lugar de la reunión La Haya (
Fecha del congreso o de la firma del tratado 1910)
9 (RLIN) 210
852 ## - LOCALIZACIÓN
Ubicación ES-MaACL
Número de control de estantería T-1216-F-3
Holdings
Estatus retirado Estado de pérdida Estado de daño No para préstamo Colección Biblioteca de origen Biblioteca actual Ubicación en estantería Fecha de adquisición Fuente de adquisición Total de préstamos Signatura topográfica completa Código de barras Visto por última vez Precio de reemplazo Tipo de ítem Koha
        Colección de folletos Biblioteca del Ateneo de Madrid Biblioteca del Ateneo de Madrid Depósito folletos 17/01/2008     T-1216-F-3 1143688 23/02/2023 23/02/2023 Folleto